Języki urzędowe państw świata - Statystyki

Ogólne statystyki
  • Ten quiz został rozwiązany 267 razy
  • Średni wynik to 217 z 290
Statystyki odpowiedzi
Państwo Języki urzędowe % Poprawnych
Antigua i Barbuda | Australia | Bahamy | +37 others angielski
99%
francuski
97%
Argentyna | Boliwia | Chile | +17 others hiszpański
97%
Angola | Brazylia | Gwinea bissau | +4 others portugalski
97%
Algieria | Arabia Saudyjska | Bahrajn | +18 others arabski
96%
Austria | Liechtenstein | Niemcy | Szwajcaria niemiecki
96%
Białoruś | Rosja rosyjski
95%
Polska polski
93%
włoski
89%
Czechy czeski
88%
Albania albański
87%
Korea Południowa | Korea Północna koreański
87%
serbski
87%
szwedzki
87%
turecki
87%
chorwacki
85%
Dania duński
85%
Japonia japoński
85%
Norwegia norweski
84%
Litwa litewski
83%
Łotwa Łotewski
83%
Słowacja słowacki
83%
białoruski
81%
Estonia estoński
81%
Finlandia fiński
81%
Ukraina ukraiński
81%
Belgia | Niderlandy (Holandia) | Surinam niderlandzki
80%
Chiny mandaryński
79%
Mołdawia | Rumunia rumuński
79%
Islandia islandzki
78%
Bułgaria bułgarski
76%
Gruzja gruziński
76%
Słowenia słoweński
76%
Indie hindi
75%
Węgry węgierski
75%
Macedonia macedoński
74%
Wietnam wietnamski
73%
Bośnia i Hercegowina bośniacki
71%
Irlandia irlandzki
71%
Mongolia mongolski
71%
Czarnogóra czarnogórski
68%
Tajlandia tajski
67%
Kazachstan kazachski
65%
Iran perski
65%
Izreal hebrajski
63%
Armenia ormiański
63%
Andora kataloński
62%
Indonezja indonezyjski
61%
Luksemburg luksemburski
60%
Nepal nepalski
60%
Watykan łacina
58%
Malta maltański
58%
Bangladesz bengalski
56%
Uzbekistan uzbecki
55%
filipiński
52%
Tadżykistan tadżycki
52%
Turkmenistan turkmeński
52%
Brunei | Malezja malajski
51%
Azerbejdżan azerbejdżański
47%
Kambodża khmerski
47%
Kirgistan kirgiski
47%
Somalia somalijski
47%
Republika Południowej Afryki afrikaans
44%
Kenia | Tanzania suahili
44%
Afganistan paszto
41%
romansz
40%
Laos laotański
39%
Samoa samoański
38%
Mjanma birmański
37%
Malediwy malediwski
35%
Pakistan urdu
35%
zulu
35%
Haiti haitański
32%
maoryski
31%
kreolski
30%
tamilski
28%
tswana
28%
Etiopia amharski
27%
fryzyjski
26%
kiribati
25%
Cypr | Grecja nowogrecki
25%
Lesotho sotho
25%
suazi
24%
Madagaskar malgaski
23%
Tonga tonga
23%
dari
19%
xhosa
19%
Rwanda rwanda
18%
fidżyjski
16%
Bhutan dzongkha
15%
nowozelandzki język migowy
15%
Sri Lanka syngaleski
15%
keczua
13%
monegaski
13%
koreański język migowy
12%
Wyspy Marshalla marszalski
12%
nauruański
12%
tamazight
12%
guarani
11%
komoryjski
11%
tigrinia
10%
Burundi kirundi
8%
Tuvalu tuwalski
8%
ajmara
7%
kreolski jamajski
7%
czewa
6%
Seszele kreolski seszelski
6%
ndebele
6%
sango
6%
Timor Wschodni tetum
5%
venda
5%
Vanuatu bislama
4%
tsonga
4%
hindi fidżyjskie
3%
pedi
3%
tok pisin
3%
hiri motu
2%
Nie znaleziono quizów pasujących do podanych kryteriów
Rozkład punktacji
Procent ludzi z każdym wynikiem
Percentyl według liczby udzielonych odpowiedzi
Twoja historia wyników
Nie rozwiązałeś tego quizu